| Tag |
First Indicator |
Second Indicator |
Subfields |
| LEADER |
00000cam a2200000 a 4500 |
| 001 |
in00001347921 |
| 005 |
20151006072557.0 |
| 007 |
hd afu---baca |
| 008 |
841019s1793 mau a 000 0 eng d |
| 035 |
|
|
|a (OCoLC)11284186
|
| 035 |
|
|
|9 AHH5731AM
|
| 040 |
|
|
|a POE
|c POE
|d UtOrBLW
|
| 043 |
|
|
|a e-fr---
|
| 045 |
|
|
|a v8v9
|
| 049 |
|
|
|a TXAI
|
| 090 |
|
|
|a PS586
|b .A450 pt. 1, no. 1682
|
| 099 |
|
|
|a film
|a B
|a 3870
|a Segment I, no. 1682)
|
| 100 |
1 |
|
|a Robbins, Chandler,
|d 1738-1799.
|
| 245 |
1 |
3 |
|a An address, delivered at Plymouth, on the 24th day of January, 1793, to the inhabitants of that town :
|b assembled to celebrate the victories of the French republic, over their invaders : delivered at the request of the subscribers for the civic festival of that day :and published at the request of the hearers /
|c by Chandler Robbins.
|
| 264 |
|
3 |
|a Boston :
|b Printed at the Apollo Press, by Belknap and Hall,
|c 1793.
|
| 300 |
|
|
|a 20 pages ;
|c 20 cm.
|
| 336 |
|
|
|a text
|b txt
|2 rdacontent
|
| 337 |
|
|
|a microform
|b h
|2 rdamedia
|
| 338 |
|
|
|a microfilm reel
|b hd
|2 rdacarrier
|
| 500 |
|
|
|a Half-title: Mr. Robbins's address, delivered at Plymouth, on the 24th day of January, 1793; to celebrate the victories of the French republic.
|
| 500 |
|
|
|a "An ode to liberty. Composed by Mr. Joseph Croswell, and sung at the civic feast at Plymouth, January 24, 1793." pages [19]-20.
|
| 510 |
4 |
|
|a Evans
|c 26102
|
| 510 |
4 |
|
|a Sabin
|c 71752
|
| 533 |
|
|
|a Microfilm.
|b Woodbridge, Conn. :
|c Research Publications,
|d 1976.
|e 1 microfilm reel ; 35 mm.
|f (American Poetry, 1609-1900 ; Segment I, no. 1682)
|
| 539 |
|
|
|a s
|b 1976
|d ctu
|e n
|
| 500 |
|
|
|a Microform.
|
| 651 |
|
0 |
|a France
|x History
|y Revolution, 1789-1799
|x Causes.
|
| 700 |
1 |
|
|a Croswell, Joseph,
|d -1799.
|
| 999 |
|
|
|a MARS
|
| 999 |
f |
f |
|s 4736f65e-870b-30a4-86b2-6023452b7a0e
|i 2dd40d6a-331e-3f5c-ab78-66b7751598e3
|t 0
|
| 952 |
f |
f |
|p default
|a Texas A&M University
|b College Station
|c Sterling C. Evans Library
|d Evans: Microforms (3rd floor)
|t 0
|e film B 3870 Segment I, no. 1682
|h Other scheme
|i microform -- microfilm reel
|
| 998 |
f |
f |
|a film B 3870 Segment I, no. 1682
|t 0
|l Evans: Microforms (3rd floor)
|